Using of Capital Asset Pricing Model in Determining the Company Default
Určenie pravdepodobnosti defaultu spoločnosti Mertonovým prístupom s využitím možností, ktoré ponúka MS Excel. Dôraz na štrukturálne modely a využívanie numerických možností riešenia daného problému, konkrétne metódu iterácie.
Guardado en:
| Autor principal: | |
|---|---|
| Formato: | Capítulo de libro |
| Lenguaje: | eslovaco |
| Materias: | |
| Etiquetas: |
Sin Etiquetas, Sea el primero en etiquetar este registro!
|
MARC
| LEADER | 00000naa$a2200000$$$4500 | ||
|---|---|---|---|
| 001 | 0260513 | ||
| 005 | 20240502083744.6 | ||
| 041 | 0 | |a slo | |
| 044 | |a CZ | ||
| 245 | 1 | 0 | |a Using of Capital Asset Pricing Model in Determining the Company Default |c Andrea Kaderová |
| 520 | |a Určenie pravdepodobnosti defaultu spoločnosti Mertonovým prístupom s využitím možností, ktoré ponúka MS Excel. Dôraz na štrukturálne modely a využívanie numerických možností riešenia daného problému, konkrétne metódu iterácie. | ||
| 610 | 2 | 0 | |a volatilita |
| 610 | 2 | 0 | |a riziko |
| 610 | 2 | 0 | |a aktíva |
| 610 | 2 | 0 | |a oceňovanie |
| 100 | 1 | |a Kaderová, Andrea | |